| 000 | 00535nam a2200217 a 4500 | ||
|---|---|---|---|
| 999 |
_c2039 _d2039 |
||
| 007 | ta | ||
| 008 | 200127r2013 ii a|||g |||| 001 0 eng d | ||
| 020 | _cRs. 200.00 | ||
| 040 |
_aKO _beng |
||
| 041 | 0 | _aeng | |
| 044 | _aii | ||
| 082 | 0 | 4 |
_223 _a032 _bM3172 |
| 245 | 1 | 0 | _aManorama Year Book 2013 / |
| 260 |
_aKottayam : _bMalayala Manorama , _c2013 . |
||
| 300 |
_a1038 p . : _bCol. ill. ; _c21 cm . |
||
| 504 | _aIncludes Index. | ||
| 650 | 0 |
_aYearbooks _vHandbooks, manuals, etc |
|
| 904 | _aReshma_R | ||
| 942 | _cBK | ||